Principles of Electronic Materials and Devices / (Record no. 5344)
[ view plain ]
| 000 -LEADER | |
|---|---|
| fixed length control field | 01003cam a22002895a 4500 |
| 006 - FIXED-LENGTH DATA ELEMENTS--ADDITIONAL MATERIAL CHARACTERISTICS--GENERAL INFORMATION | |
| fixed length control field | m||||f |||| 00| 0 |
| 008 - FIXED-LENGTH DATA ELEMENTS--GENERAL INFORMATION | |
| fixed length control field | 110706s2006 maua frb 001 0 eng d |
| 010 ## - LIBRARY OF CONGRESS CONTROL NUMBER | |
| LC control number | 2005000842 |
| 020 ## - INTERNATIONAL STANDARD BOOK NUMBER | |
| International Standard Book Number | 0071244581 |
| 020 ## - INTERNATIONAL STANDARD BOOK NUMBER | |
| International Standard Book Number | 9780071244589 |
| 040 ## - CATALOGING SOURCE | |
| Original cataloging agency | EG-ScBUE |
| Language of cataloging | eng |
| Transcribing agency | EG-ScBUE |
| 082 04 - DEWEY DECIMAL CLASSIFICATION NUMBER | |
| Classification number | 621.382 |
| Item number | KAS |
| Edition number | 22 |
| 100 1# - MAIN ENTRY--PERSONAL NAME | |
| Personal name | Kasap, S. O. |
| 9 (RLIN) | 26172 |
| 245 10 - TITLE STATEMENT | |
| Title | Principles of Electronic Materials and Devices / |
| Statement of responsibility, etc | S.O. Kasap. |
| 250 ## - EDITION STATEMENT | |
| Edition statement | 3rd ed. |
| 260 ## - PUBLICATION, DISTRIBUTION, ETC. (IMPRINT) | |
| Place of publication, distribution, etc | Boston : |
| Name of publisher, distributor, etc | McGraw-Hill, |
| Date of publication, distribution, etc | c.2006. |
| 300 ## - PHYSICAL DESCRIPTION | |
| Extent | xiii, 874 p. : |
| Other physical details | ill. ; |
| Dimensions | 24 cm. + |
| Accompanying material | 1 CD-ROM (4 3/4 in.) |
| 500 ## - GENERAL NOTE | |
| General note | Index: p. 864-874. |
| 504 ## - BIBLIOGRAPHY, ETC. NOTE | |
| Bibliography, etc | Includes bibliographical references. |
| 590 ## - LOCAL NOTE (RLIN) | |
| Local note | Mohamed Hussein |
| 650 #0 - SUBJECT ADDED ENTRY--TOPICAL TERM | |
| Topical term or geographic name as entry element | Electric engineering |
| General subdivision | Materials. |
| 9 (RLIN) | 26173 |
| Source of heading or term | BUEsh |
| 650 #0 - SUBJECT ADDED ENTRY--TOPICAL TERM | |
| Topical term or geographic name as entry element | Electric apparatus and appliances. |
| 9 (RLIN) | 26174 |
| Source of heading or term | BUEsh |
| 651 ## - SUBJECT ADDED ENTRY--GEOGRAPHIC NAME | |
| Source of heading or term | BUEsh |
| 653 ## - INDEX TERM--UNCONTROLLED | |
| Resource For college | Engineering, Electrical |
| Arrived date list | August2015 |
| 856 41 - ELECTRONIC LOCATION AND ACCESS | |
| Materials specified | Table of contents |
| Uniform Resource Identifier | <a href="http://www.loc.gov/catdir/toc/ecip056/2005000842.html">http://www.loc.gov/catdir/toc/ecip056/2005000842.html</a> |
| 942 ## - ADDED ENTRY ELEMENTS (KOHA) | |
| Item type | Book - Borrowing |
| Call number prefix | 621.382KAS |
| Source of classification or shelving scheme | Dewey Decimal Classification |
| Withdrawn status | Item status | Source of classification or shelving scheme | Damaged status | Not for loan | Vendor | Home library | Current library | Shelving location | Date acquired | Source of acquisition | Cost, normal purchase price | Total Checkouts | Full call number | Barcode | Date last seen | Cost, replacement price | Koha item type | Total Renewals | Date last borrowed |
|---|---|---|---|---|---|---|---|---|---|---|---|---|---|---|---|---|---|---|---|
| Dewey Decimal Classification | Central Library | Central Library | First floor | 06/07/2011 | 257.80 | 621.382 KAS | 000006820 | 24/08/2022 | 322.25 | CD | DVD - With book | |||||||||
| Dewey Decimal Classification | Central Library | Central Library | First floor | 07/11/2006 | 621.382 KAS | 000007523 | 24/08/2022 | CD | DVD - With book | |||||||||||
| Dewey Decimal Classification | Central Library | Central Library | First floor | 06/07/2011 | 621.382 KAS | 000006821 | 24/08/2022 | CD | DVD - With book | |||||||||||
| Dewey Decimal Classification | Baccah | Central Library | Central Library | First floor | 06/07/2011 | 4 | 621.382 KAS | 000021787 | 15/07/2025 | Book - Borrowing | 7 | 21/10/2018 | |||||||
| Dewey Decimal Classification | Baccah | Central Library | Central Library | First floor | 06/07/2011 | 621.382 KAS | 000002408 | 15/07/2025 | NB - Book (Non borrowing) | ||||||||||
| Dewey Decimal Classification | Central Library | Central Library | First floor | 06/07/2011 | 4 | 621.382 KAS | 000018892 | 15/07/2025 | Book - Borrowing | 26 | 28/05/2019 | ||||||||
| Dewey Decimal Classification | Central Library | Central Library | First floor | 06/07/2011 | 5 | 621.382 KAS | 000006012 | 18/01/2026 | Book - Borrowing | 18 | 05/11/2025 | ||||||||
| Dewey Decimal Classification | Central Library | Central Library | First floor | 06/07/2011 | 4 | 621.382 KAS | 000006017 | 15/07/2025 | Book - Borrowing | 20 | 04/08/2016 | ||||||||
| Dewey Decimal Classification | Central Library | Central Library | First floor | 06/07/2011 | 621.382 KAS | 000021793 | 24/08/2022 | CD | DVD - With book | |||||||||||
| Dewey Decimal Classification | Central Library | Central Library | First floor | 06/07/2011 | 621.382 KAS | 000018893 | 24/08/2022 | CD | DVD - With book (NB) |